Регионална библиотека "Любен Каравелов" - Русе

Three pieces (Запис номер 437284)

MARC детайли
000 -Лидер
Контролно поле с фиксирана дължина 00813ncm a2200241 a 4500
003 - Код на организацията, давaща контролен номер
Контролно поле BLK
005 - Дата и час на последна редакция
Контролно поле 20250228095422.0
008 - Елементи от данни с фиксирана дължина
fixed length control field 211117b bu |||||||||| 00| 0 bu d
040 ## - Източник на каталожния запис
Идентификатор на билиотеката - собственик на записа BLK
041 ## - Код за език
Код за езика на текст/звукозапис или на отделно заглавие Английски
Код за езика КДБФ Английски
080 ## - УДК
Текстов определител УДК Кларинет, баскларинет, басетхорн
УДК код - определител по УДК 788.6
УДК - код + определител 788.6
100 ## - Редна дума - Автор
R(LIN) 467582
Автор Balyozov, Roumen Dimitrov
Авторска отговорност първи автор
139 ## - Редно поле
Редна дума Balyozov, Roumen Dimitrov
Авторски знак Балт - Б 24
245 ## - Сведения за заглавието
Заглавие Three pieces
Подзаглавни данни Ritual, Elegy, Moto perpetuo : For Clarinet solo
Редно поле (дума) Roumen Balyozov
260 ## - Област на издателските данни
9 (RLIN) 213249
Място на издаване, разпространение и проч. София
Име на издателя, разпространителя и проч. Elm
Година на издаване 2000
300 ## - Физическа характеристика
Страници 8 р.
Размери/Мащаб 30 см
380 ## - Жанр
Жанр Изкуство
650 #0 - Допълнително описание по предмет – тема
Основно описание – тема или топоним Кларинет - пиеси, сонати
9 (RLIN) 362779
653 #0 - Ключова дума – ненормативна
9 (RLIN) 403070
Ключова дума кларинет
852 ## - Местоположение
Фондова буква Отдел Изкуство - подръчен фонд
Систематично-азбучна сигнатура 788/Б 24 Р
999 ## - СИСТЕМНИ КОНТРОЛНИ НОМЕРА
Koha biblionumber 437284
Koha biblioitemnumber 437284
942 ## - АРТИКУЛИ
Вид на библиотечния материал Нотни издания
Скрит в OPAC Не
Периодичен библиозапис Да
944 ## - СЪЗДАВАНЕ И РЕДАКЦИЯ на ЗАПИСА
Създаване/Редакция Създаване
Дата на регистрацията/редакция 2021-11-17
Служител, извършил регистрацията/редакцията 30560
Статус, дата на статуса Геновева Генчева
Наличности
Код за отписване Код за изгубен артикул Източник на класификационната схема Код за повреда Коз за рестрикции Код за отдаване Артикулен № Име на библиотеката - собственик Име на библиотеката, в която се намира в момента Статус (Текущо местоположение) Дата на вписване в системата Местоположение - отдел Цена в лева Систематично азбучна сигнатура Баркод Цена в евро Служебен тип на артикула
  Не е изгубен Universal Decimal Classification Не е повреден без рестрикции заемане за дома 863766 Регионална библиотека "Любен Каравелов" Русе Регионална библиотека "Любен Каравелов" Русе Отдел Изкуство - подръчен фонд 2021-11-25 Отдел Изкуство - подръчен фонд 12.00 788/Б 24 Р 120000863131 6.14 Нотни издания
Vip Innovations Ltd, Rousse, Bulgaria 2025